"Ich habe eine Vier-Sprachen-Heimat" - Gabriel Laubs Schaffen zwischen unterschiedlichen Sprachen und Kulturen

Titel: "Ich habe eine Vier-Sprachen-Heimat" - Gabriel Laubs Schaffen zwischen unterschiedlichen Sprachen und Kulturen / Dorota Szczęśniak
Verfasser:
In: Germanoslavica, Band 26, Heft 1 (2015), Seite 48-57
alle Artikel anzeigen
Veröffentlicht: 2015
Format: Aufsatz
Sprache: Deutsch
Schlagworte:
Kein Bild verfügbar
X
alg: 36824648
001A    $04504:07-01-16 
001B    $06050:28-05-20 $t13:27:00.000 
001C    $04504:07-01-16 $t11:10:36.000 
001D    $04504:07-01-16 
001U    $0utf8 
001X    $00 
002@    $0Aou 
002C    $aText $btxt $2rdacontent 
002D    $aohne Hilfsmittel zu benutzen $bn $2rdamedia 
002E    $aBand $bnc $2rdacarrier 
003@    $0368246485 
007A    $0368246485 $aHEB 
010@    $ager 
010E    $erda 
011@    $a2015 
021A    $a"Ich habe eine Vier-Sprachen-Heimat" - Gabriel Laubs Schaffen zwischen unterschiedlichen Sprachen und Kulturen $hDorota Szczęśniak 
028A    $BVerfasser $4aut $7132474212 $8Szczęśniak, Dorota$Z1972- [Tp3] $9183782380 
031A    $d26 $e1 $h48-57 $j2015 
039B    $aEnthalten in $8--Abvc--. Germanoslavica. - Hildesheim : Olms, 1931-. - ISSN 1210-9029 $x201500000260001952 $9047348615 
044K    $#Laub-Rauch, ... $#Laub, Gabrijel $7115619461 $8Laub, Gabriel$Z1928-1998 [Tp1] $9108873501 
045T    $a7,20 $a25 $a7,41 $a7,39 
045T    $aLING $qDE-30 $2FID 
045T    $aGER $qDE-30 $2FID 
045T    $aAVL $qDE-30 $2FID 
045V    $aLaub, Gabriel $818.14.00$jZu einzelnen Autoren [Tkx] $911884380X 

lok: 36824648 62

exp: 36824648 62 1 #EPN
201B/01 $007-01-16 $t22:06:22.000 
203@/01 $0765503662 
208@/01 $a07-01-16 $be 
209A/01 $a/ $f000 $x00 
209B/01 $a2016 $x05 
247C/01 $8Frankfurt, Bibliographie der Deutschen Sprach- und Literaturwissenschaft $9113214561 
201U/01 $0utf8 

lok: 36824648 78

exp: 36824648 78 1 #EPN
201B/01 $006-03-19 $t11:35:37.000 
201C/01 $006-03-19 
201U/01 $0utf8 
203@/01 $01047130068 
208@/01 $a06-03-19 $be 
209A/01 $a/ $f000 $x00 
209A/01 $ab*p $x01 
220C/01 $apgar 
244Z/01 $#Böhmische Kronländer $#Länder der Böhmischen Krone $#Sudetenland $#Böhmen $#Mähren $#Mährisch-Schlesien $#Österreichisch-Schlesien $#Tschechische Sozialistische Republik Böhmische Länder $#Tschechei Böhmische Länder $#Země koruny české $74069573-6 $8--Tg1--Böhmische Länder $x01 $9085195553 
244Z/01 $#Slowakei $#Slowakei $#Slowakische Republik $#Oberungarn $#Slovensko $#Slovenská Republika $#Slovenská SR $#SSR $#Slovakia $#Slovaquie $#Slovak Republic $#République Slovaque $#Slovenská Socialistická Republika $#Slowakische Sozialistische Republik $#Slovak Socialist Republic $#République Socialiste Slovaque $74055297-4 $8--Tg1--Slowakei $x02 $9085153834 
247C/01 $82080>Marburg/Lahn, Herder-Institut, Forschungsbibliothek, Bibliographieportal $9336309341
LEADER 00000caa a2200000 c 4500
001 368246485
003 DE-603
005 20200528132700.0
007 tu
008 160107s2015 xx |||| | u00||u|ger c
035 |a (DE-599)HEB368246485 
040 |a DE-603  |b ger  |c DE-603  |d DE-603  |e rda 
041 |a ger 
084 |a 7,20  |a 25  |a 7,41  |a 7,39  |2 ssgn 
084 |a LING  |q DE-30  |2 fid 
084 |a GER  |q DE-30  |2 fid 
084 |a AVL  |q DE-30  |2 fid 
100 1 |a Szczęśniak, Dorota  |d 1972-  |e Verfasser  |4 aut  |0 (DE-603)183782380  |0 (DE-588)132474212  |2 gnd 
245 0 0 |a "Ich habe eine Vier-Sprachen-Heimat" - Gabriel Laubs Schaffen zwischen unterschiedlichen Sprachen und Kulturen  |c Dorota Szczęśniak 
264 0 |c 2015 
336 |a Text  |b txt  |2 rdacontent 
337 |a ohne Hilfsmittel zu benutzen  |b n  |2 rdamedia 
338 |a Band  |b nc  |2 rdacarrier 
600 1 7 |a Laub, Gabriel  |d 1928-1998  |0 (DE-588)115619461  |0 (DE-603)108873501  |2 gnd 
773 0 8 |i Enthalten in  |t Germanoslavica  |d Hildesheim : Olms, 1931-  |x 1210-9029  |g Band 26, Heft 1 (2015), Seite 48-57  |w (DE-603)047348615  |w (DE-600)216758-X 
924 0 |9 603  |a (DE-603)765503662  |b DE-603  |c HES  |d d 
924 0 |9 2080  |a (DE-603)1047130068  |b DE-2080  |c HES  |d d  |g /